Sports Quiz

Random Sports or Hockey Quiz

NHL Top Scorers/Team: West (2000s) Quiz Stats

 Plays Quiz Updated Aug 1, 2018

Challenge
Share
Tweet
Embed
Score 0/150 Timer 17:00
3 Plays Today
% Correct
Patrick Kane
88.6%
Daniel Sedin
85.7%
Rick Nash
85.7%
Henrik Sedin
85.7%
Jarome Iginla
85.4%
Joe Sakic
84.3%
Joe Thornton
84.2%
Pavel Datsyuk
82.4%
Henrik Zetterberg
81.8%
Mike Modano
80.8%
Nicklas Lidström
80%
Teemu Selänne
79.7%
Patrick Marleau
78.6%
Peter Forsberg
76.9%
Shane Doan
76.4%
Paul Kariya
75.1%
Steve Yzerman
74.8%
Markus Näslund
72.9%
Ryan Getzlaf
71.8%
Marian Gaborik
70.6%
Corey Perry
70%
Scott Thornton
69%
Anze Kopitar
68.1%
Brett Hull
67.3%
Milan Hejduk
67%
Ryan Smyth
65.6%
Chris Pronger
65.2%
Chris Pronger
65.2%
Todd Bertuzzi
63.4%
Keith Tkachuk
61.6%
Rob Blake
60.2%
Rob Blake
60.2%
Mikko Koivu
59.8%
Brett Hull
58.9%
Sergei Fedorov
57.8%
Sergei Fedorov
57.8%
Brendan Shanahan
57.8%
Scott Niedermayer
56.3%
David Legwand
56.2%
Alex Tanguay
55.7%
Alex Tanguay
55.7%
Jeremy Roenick
55.6%
Dustin Brown
55%
Ales Hemsky
53.5%
Patrick Sharp
52.1%
Jason Arnott
50.9%
Jason Arnott
50.9%
Luc Robitaille
50.7%
Jonathan Cheechoo
49.6%
Steve Sullivan
48.6%
% Correct
Steve Sullivan
48.6%
Sergei Zubov
48.2%
Doug Weight
48%
Doug Weight
48%
Tomas Holmström
47.6%
Tony Amonte
47.4%
Brenden Morrow
47.4%
Al MacInnis
46%
Shawn Horcoff
44.9%
Martin Erat
43.9%
Pavol Demitra
42.9%
Eric Daze
42.8%
Dion Phaneuf
42.5%
Andrew Brunette
42.4%
Andrew Brunette
42.4%
Greg Johnson
42.2%
Mike Johnson
42.1%
Brendan Morrison
41.8%
Owen Nolan
41.7%
Craig Conroy
40%
Kris Draper
39.4%
Jere Lehtinen
39.4%
Paul Stastny
39.4%
Valeri Bure
39.3%
David Vyborny
37.8%
Ziggy Palffy
37.5%
Ed Jovanovski
37%
Ed Jovanovski
37%
Anson Carter
36.6%
Daymond Langkow
36.2%
Daymond Langkow
36.2%
Mattias Öhlund
36%
Mike Ribeiro
35.8%
Bill Guerin
34.8%
Andy McDonald
34%
Chris Drury
33.3%
Ray Whitney
33%
Kirk Maltby
32.6%
Michael Cammalleri
32.4%
Alexander Frolov
32.4%
Brad Boyes
32.3%
Sami Salo
32%
Pavol Demitra
32%
J.P. Dumont
31.3%
Alexei Zhamnov
29.7%
Brian Rolston
29.5%
Pierre-Marc Bouchard
29.1%
Kimmo Timonen
28.6%
Steve Rucchin
26.9%
Scott Young
26.4%
% Correct
Scott Hartnell
26.3%
Kristian Huselius
26.3%
Robyn Regehr
26.3%
Lubomir Visnovsky
25.9%
Nikolai Zherdev
25%
Vincent Damphousse
24.7%
Rostislav Klesla
24.3%
Ethan Moreau
23.3%
Marc Savard
22.9%
Martin Havlat
22.8%
Marek Zidlicky
22.7%
Kyle Calder
22.2%
Wes Walz
22%
John-Michael Liles
21.9%
Fernando Pisani
21.6%
Geoff Sanderson
21.6%
Marco Sturm
20.3%
Jamal Mayers/Pierre Turgeon
20%
Mike Ricci
19.8%
Teppo Numminen
19.6%
Chris Kunitz
19.4%
Milan Michalek
18.7%
Todd Marchant
18.6%
Danny Briere
18.3%
Darryl Sydor
17.7%
Scott Walker
17.4%
Ladislav Nagy
17.4%
Jarret Stoll
17.3%
Michael Nylander
16%
Matthew Lombardi
15.1%
Matt Cooke
14.7%
Matt Cullen
14.4%
Manny Malhotra
14.2%
Dallas Drake
12.7%
Mark Bell
12.5%
Philippe Boucher
11.6%
Jason Chimera
11.6%
Steve Reinprecht
11.4%
Pascal Dupuis
11.3%
Filip Kuba
11.3%
Andrew Cassels
10.4%
Brad Stuart
10.1%
Marek Svatos
9.7%
Espen Knutsen
9.3%
Derek Armstrong
8.9%
Bryan Smolinski
8.8%
Petr Cajanek
8.4%
Janne Niinimaa
8.2%
Paul Mara
8.1%
Jim Dowd
7.2%

You're not logged in!

Compare scores with friends on all Sporcle quizzes.
OR
Log In

You Might Also Like...

Show Comments

Extras

Top Quizzes Today


Score Distribution

Your Account Isn't Verified!

In order to create a playlist on Sporcle, you need to verify the email address you used during registration. Go to your Sporcle Settings to finish the process.

Report this User

Report this user for behavior that violates our Community Guidelines.

Details: